| 000 | 00769nam a2200253 i 4500 | ||
|---|---|---|---|
| 001 | C2-0241045 | ||
| 003 | PPAK | ||
| 005 | 20180727203558.0 | ||
| 008 | 020730s2002 nyua|||| ||||| | eng d | ||
| 020 | _a0071379444 | ||
| 040 |
_aPPAK _beng _cPPAK _erda |
||
| 082 | 0 | 4 |
_a158.2 _223 |
| 090 | 0 | 0 |
_a158.2 _bBRI _dG |
| 100 | 1 |
_aBrinkman, Rick, _eauthor |
|
| 245 | 1 | 0 |
_aDealing with people you can't stand : _bhow to bring out the best in people at their worst |
| 264 | 1 |
_aNew York : _bMcGraw-Hill , _c2002 |
|
| 300 |
_axix, 226 pages : _billustrations ; _c23 cm |
||
| 336 |
_2rdacontent _atext |
||
| 337 |
_2rdamedia _aunmediated |
||
| 338 |
_2rdacarrier _avolume |
||
| 650 | 1 | 0 | _aInterpersonal relations ; Psychology, Industrial |
| 700 | _eauthor | ||
| 942 |
_ddc _cB |
||
| 999 |
_c56191 _d56191 |
||